[Event "Kecskemet Toth Memorial 5th"]
[Site "Kecskement"]
[Date "1975.06.06"]
[Round "8"]
[White "Tompa, Janos"]
[Black "Hernandez Onna, Roman"]
[Result "1-0"]
[WhiteElo "2415"]
[BlackElo "2395"]
[PlyCount "63"]
[EventDate "1975.05.29"]
[EventType "tourn"]
[EventRounds "13"]
[EventCountry "HUN"]
[EventCategory "8"]
[SourceTitle "EXT 2001"]
[Source "ChessBase"]
[SourceDate "2000.11.22"]
[SourceVersion "1"]
[SourceVersionDate "2000.11.22"]
[SourceQuality "1"]

1. e4 c5 2. Nc3 Nc6 3. g3 g6 4. Bg2 Bg7 5. d3 d6 6. Nge2 Nf6 7. O-O O-O 8. h3
Rb8 9. f4 Bd7 10. g4 b5 11. Ng3 b4 12. Nce2 a5 13. Rb1 Ne8 14. f5 a4 15. Be3
Nd4 16. Qd2 Qc7 17. Nf4 Bc6 18. c3 bxc3 19. bxc3 Rxb1 20. Rxb1 Nb5 21. Nge2 Nf6
22. fxg6 hxg6 23. Nd5 Bxd5 24. exd5 Rb8 25. Qc2 Qa7 26. c4 Nd4 27. Rxb8+ Qxb8
28. Nxd4 cxd4 29. Bc1 Qb4 30. Bd2 Qa3 31. Qb1 Nd7 32. Bb4 1-0

[Event "Kecskemet Toth Memorial 5th"]
[Site "Kecskement"]
[Date "1975.06.08"]
[Round "9"]
[White "Hernandez Onna, Roman"]
[Black "Szekely, Peter"]
[Result "1/2-1/2"]
[WhiteElo "2395"]
[BlackElo "2460"]
[PlyCount "34"]
[EventDate "1975.05.29"]
[EventType "tourn"]
[EventRounds "13"]
[EventCountry "HUN"]
[EventCategory "8"]
[SourceTitle "EXT 2001"]
[Source "ChessBase"]
[SourceDate "2000.11.22"]
[SourceVersion "1"]
[SourceVersionDate "2000.11.22"]
[SourceQuality "1"]

1. c4 g6 2. Nc3 Bg7 3. g3 Nf6 4. Bg2 O-O 5. Nf3 d6 6. O-O Nc6 7. d4 a6 8. d5
Na5 9. Nd2 c5 10. Qc2 Rb8 11. b3 b5 12. Rb1 Bd7 13. Bb2 Qc7 14. h3 bxc4 15.
bxc4 Rb4 16. a3 Rb7 17. Ba1 Rfb8 1/2-1/2

[Event "Kecskemet Toth Memorial 5th"]
[Site "Kecskement"]
[Date "1975.06.09"]
[Round "10"]
[White "Csom, Istvan"]
[Black "Hernandez Onna, Roman"]
[Result "0-1"]
[WhiteElo "2530"]
[BlackElo "2395"]
[PlyCount "46"]
[EventDate "1975.05.29"]
[EventType "tourn"]
[EventRounds "13"]
[EventCountry "HUN"]
[EventCategory "8"]
[SourceTitle "EXT 2001"]
[Source "ChessBase"]
[SourceDate "2000.11.22"]
[SourceVersion "1"]
[SourceVersionDate "2000.11.22"]
[SourceQuality "1"]

1. Nf3 d5 2. g3 c5 3. Bg2 Nc6 4. d4 Nf6 5. O-O e6 6. c4 Be7 7. Nc3 O-O 8. cxd5
exd5 9. Be3 Ng4 10. Bf4 Be6 11. dxc5 Bxc5 12. Rc1 h6 13. Na4 Bb6 14. a3 Rc8 15.
b4 Qf6 16. Nc5 Qe7 17. Qd3 a5 18. Qb5 Ba7 19. Nxb7 Bd7 20. Bd6 Bxf2+ 21. Kh1
Qe3 22. Qd3 Nd4 23. Rxc8 Rxc8 0-1

[Event "Kecskemet Toth Memorial 5th"]
[Site "Kecskement"]
[Date "1975.06.10"]
[Round "11"]
[White "Hernandez Onna, Roman"]
[Black "Barczay, Laszlo"]
[Result "1-0"]
[WhiteElo "2395"]
[BlackElo "2445"]
[PlyCount "75"]
[EventDate "1975.05.29"]
[EventType "tourn"]
[EventRounds "13"]
[EventCountry "HUN"]
[EventCategory "8"]
[SourceTitle "EXT 2001"]
[Source "ChessBase"]
[SourceDate "2000.11.22"]
[SourceVersion "1"]
[SourceVersionDate "2000.11.22"]
[SourceQuality "1"]

1. c4 Nf6 2. d4 g6 3. Nc3 d5 4. Nf3 Bg7 5. e3 O-O 6. Be2 dxc4 7. Bxc4 c5 8. O-O
cxd4 9. exd4 Bg4 10. d5 Nbd7 11. h3 Bxf3 12. Qxf3 Ne5 13. Qe2 Nxc4 14. Qxc4 Nd7
15. Be3 Qa5 16. Rfd1 Rac8 17. Qe2 Rfe8 18. Bd4 e5 19. dxe6 Rxe6 20. Qf3 Nc5 21.
Bxg7 Kxg7 22. Qg4 Qc7 23. Re1 Rxe1+ 24. Rxe1 Rd8 25. Qc4 Qd6 26. Rd1 Qe6 27.
Qxc5 Rxd1+ 28. Nxd1 Qe1+ 29. Kh2 Qxd1 30. Qxa7 Qd6+ 31. g3 Qb4 32. b3 b6 33.
Qc7 Qa5 34. Qd6 b5 35. Qe5+ Kf8 36. a4 Qb6 37. Qe3 Qc6 38. a5 1-0

[Event "Kecskemet Toth Memorial 5th"]
[Site "Kecskement"]
[Date "1975.06.11"]
[Round "12"]
[White "Plachetka, Jan"]
[Black "Hernandez Onna, Roman"]
[Result "0-1"]
[WhiteElo "2430"]
[BlackElo "2395"]
[PlyCount "78"]
[EventDate "1975.05.29"]
[EventType "tourn"]
[EventRounds "13"]
[EventCountry "HUN"]
[EventCategory "8"]
[SourceTitle "EXT 2001"]
[Source "ChessBase"]
[SourceDate "2000.11.22"]
[SourceVersion "1"]
[SourceVersionDate "2000.11.22"]
[SourceQuality "1"]

1. Nf3 d5 2. b3 c5 3. e3 Nf6 4. Bb2 e6 5. Bb5+ Nbd7 6. O-O a6 7. Bxd7+ Nxd7 8.
d3 b6 9. Nbd2 Bb7 10. Qe2 Nf6 11. Ne5 Bd6 12. f4 O-O 13. Rf3 Ne8 14. Rh3 g6 15.
Qg4 Ng7 16. Ndf3 d4 17. exd4 h5 18. Qg3 Nf5 19. Qf2 cxd4 20. Qe2 Rc8 21. Rc1
Qe7 22. Ng5 Bxe5 23. Qxe5 Rfd8 24. Qe2 Qd6 25. Qf2 e5 26. fxe5 Qxe5 27. g4 hxg4
28. Rg3 Nh6 29. h4 f5 30. Re1 Qd5 31. Ne4 fxe4 32. dxe4 Qf7 33. Qd2 Kh7 34. Rf1
Qc7 35. Rg2 Rf8 36. Rxf8 Rxf8 37. Bc1 Qg7 38. Qg5 Nf7 39. Qxg4 Ne5 0-1

[Event "Leipzig DSV"]
[Site "Leipzig"]
[Date "1975.11.22"]
[Round "1"]
[White "Gruenberg, Hans Ulrich"]
[Black "Hernandez Onna, Roman"]
[Result "1-0"]
[WhiteElo "2315"]
[BlackElo "2395"]
[PlyCount "81"]
[EventDate "1975.11.22"]
[EventType "tourn"]
[EventRounds "15"]
[EventCountry "DDR"]
[EventCategory "9"]
[SourceTitle "MCL"]
[Source "ChessBase"]
[SourceDate "1999.07.01"]

1. c4 c5 2. Nf3 Nc6 3. g3 Nf6 4. Bg2 g6 5. b3 Bg7 6. Bb2 O-O 7. O-O d6 8. d4
Bd7 9. Nc3 Qc8 10. d5 Na5 11. Qd2 a6 12. e4 Qc7 13. Rfe1 b5 14. e5 Ng4 15. Ne4
bxc4 16. exd6 exd6 17. Bxg7 Kxg7 18. h3 Ne5 19. Nxe5 dxe5 20. Qc3 f6 21. d6 Qb6
22. Nxf6 Rxf6 23. Bxa8 Nc6 24. Bxc6 Qxc6 25. Qxe5 Bxh3 26. Qe4 Qxe4 27. Rxe4
cxb3 28. Rd1 b2 29. Re7+ Kh6 30. Rb7 c4 31. Rxb2 Rf7 32. Rb6 Bf5 33. Rc1 Bd3
34. Rxa6 c3 35. Rc6 c2 36. R6xc2 Bxc2 37. Rxc2 Rd7 38. Rd2 Kg5 39. Kg2 Kf5 40.
Kf3 h5 41. a4 1-0

[Event "Leipzig DSV"]
[Site "Leipzig"]
[Date "1975.11.23"]
[Round "2"]
[White "Hernandez Onna, Roman"]
[Black "Malich, Burkhard"]
[Result "1/2-1/2"]
[WhiteElo "2395"]
[BlackElo "2520"]
[PlyCount "77"]
[EventDate "1975.11.22"]
[EventType "tourn"]
[EventRounds "15"]
[EventCountry "DDR"]
[EventCategory "9"]
[SourceTitle "MCL"]
[Source "ChessBase"]
[SourceDate "1999.07.01"]

1. c4 Nf6 2. Nc3 c6 3. e4 e5 4. Nf3 d6 5. d4 Bg4 6. Be2 Nbd7 7. Be3 Be7 8. O-O
O-O 9. d5 Qb8 10. Nd2 Bxe2 11. Qxe2 Bd8 12. b4 Bb6 13. Nb3 Bxe3 14. Qxe3 cxd5
15. Nxd5 Nxd5 16. cxd5 f5 17. Rac1 fxe4 18. Nd2 Nf6 19. Nxe4 Nxe4 20. Qxe4 Rf4
21. Qb1 Qd8 22. g3 Rf7 23. Qe4 Qb6 24. Kg2 Raf8 25. f3 g6 26. Rc3 a5 27. Rb1
Rc7 28. Rxc7 Qxc7 29. bxa5 Qxa5 30. Rb2 Rf7 31. Rc2 Kg7 32. h4 Qb5 33. h5 Qb1
34. hxg6 hxg6 35. a4 Qd1 36. Rc8 Qd2+ 37. Kh3 Qd1 38. Kg2 Qd2+ 39. Kg1 1/2-1/2

[Event "Leipzig DSV"]
[Site "Leipzig"]
[Date "1975.11.25"]
[Round "4"]
[White "Hernandez Onna, Roman"]
[Black "Kozma, Julius"]
[Result "1/2-1/2"]
[WhiteElo "2395"]
[BlackElo "2380"]
[PlyCount "96"]
[EventDate "1975.11.22"]
[EventType "tourn"]
[EventRounds "15"]
[EventCountry "DDR"]
[EventCategory "9"]
[SourceTitle "MCL"]
[Source "ChessBase"]
[SourceDate "1999.07.01"]

1. c4 Nf6 2. Nc3 e6 3. Nf3 d5 4. d4 Bb4 5. Qa4+ Nc6 6. Ne5 Bd7 7. Nxc6 Bxc3+ 8.
bxc3 Bxc6 9. Qc2 dxc4 10. f3 O-O 11. e4 b5 12. Bg5 h6 13. Bh4 Qd7 14. Bxf6 gxf6
15. g4 Qd6 16. Qd2 Kg7 17. Rg1 Rh8 18. Rg3 Rad8 19. Rh3 b4 20. Rh5 bxc3 21.
Qxc3 Qxd4 22. Qxd4 Rxd4 23. Rc5 Rd6 24. Rd1 Rhd8 25. Rxd6 Rxd6 26. Bxc4 a6 27.
Ke2 Bb5 28. Rxc7 Rd4 29. Bxb5 axb5 30. Ra7 e5 31. h4 b4 32. Ra4 Kg6 33. Ra8 Kg7
34. h5 Kh7 35. Ra4 Kg7 36. Ke3 Rc4 37. Kd2 Rc3 38. Rxb4 Ra3 39. Rb2 Rxf3 40. a4
Rf4 41. Kd3 Rxg4 42. a5 f5 43. Ra2 Rxe4 44. a6 Rd4+ 45. Ke3 Rd8 46. a7 Ra8 47.
Ra6 Kf8 48. Kd3 Ke7 1/2-1/2

[Event "Leipzig DSV"]
[Site "Leipzig"]
[Date "1975.11.26"]
[Round "5"]
[White "Tseshkovsky, Vitaly"]
[Black "Hernandez Onna, Roman"]
[Result "1/2-1/2"]
[WhiteElo "2555"]
[BlackElo "2395"]
[PlyCount "81"]
[EventDate "1975.11.22"]
[EventType "tourn"]
[EventRounds "15"]
[EventCountry "DDR"]
[EventCategory "9"]
[SourceTitle "MCL"]
[Source "ChessBase"]
[SourceDate "1999.07.01"]

1. e4 c5 2. Nf3 Nc6 3. d4 cxd4 4. Nxd4 g6 5. c4 Bg7 6. Be3 Nf6 7. Nc3 Ng4 8.
Qxg4 Nxd4 9. Qd1 Ne6 10. Rc1 b6 11. Bd3 Bb7 12. O-O O-O 13. Qd2 d6 14. Bb1 a5
15. b3 Nc5 16. Rcd1 Bc6 17. Rfe1 Qc7 18. h4 Qb7 19. Bh6 Rad8 20. Bxg7 Kxg7 21.
f4 e5 22. Nd5 Ne6 23. fxe5 dxe5 24. Qf2 Nf4 25. Nxf4 exf4 26. Qxf4 Qe7 27. Qf2
Rxd1 28. Rxd1 Rd8 29. Rxd8 Qxd8 30. Bc2 Qf6 31. Qxf6+ Kxf6 32. Kf2 Ke5 33. Ke3
f6 34. a3 Ba8 35. g3 Bb7 36. Bd3 Ba8 37. b4 axb4 38. axb4 Bb7 39. Bc2 Bc6 40.
Bb1 Bb7 41. Bd3 1/2-1/2

[Event "Leipzig DSV"]
[Site "Leipzig"]
[Date "1975.11.27"]
[Round "6"]
[White "Hernandez Onna, Roman"]
[Black "Gerusel, Mathias"]
[Result "1/2-1/2"]
[WhiteElo "2395"]
[BlackElo "2440"]
[PlyCount "22"]
[EventDate "1975.11.22"]
[EventType "tourn"]
[EventRounds "15"]
[EventCountry "DDR"]
[EventCategory "9"]
[SourceTitle "MCL"]
[Source "ChessBase"]
[SourceDate "1999.07.01"]

1. c4 g6 2. Nc3 Bg7 3. d4 d6 4. e4 e5 5. Nge2 Ne7 6. f3 c6 7. Bg5 h6 8. Be3 f5
9. dxe5 dxe5 10. Qxd8+ Kxd8 11. O-O-O+ Ke8 1/2-1/2

[Event "Leipzig DSV"]
[Site "Leipzig"]
[Date "1975.11.29"]
[Round "7"]
[White "Mueller, Klaus Uwe"]
[Black "Hernandez Onna, Roman"]
[Result "0-1"]
[WhiteElo "2470"]
[BlackElo "2395"]
[PlyCount "81"]
[EventDate "1975.11.22"]
[EventType "tourn"]
[EventRounds "15"]
[EventCountry "DDR"]
[EventCategory "9"]
[SourceTitle "MCL"]
[Source "ChessBase"]
[SourceDate "1999.07.01"]

1. e4 e5 2. Nf3 Nc6 3. Bb5 a6 4. Bxc6 dxc6 5. O-O Bg4 6. d3 Qf6 7. Be3 Ne7 8.
Nbd2 Ng6 9. h3 Bxf3 10. Nxf3 c5 11. g3 Bd6 12. Qe2 Nf8 13. c3 Ne6 14. h4 O-O-O
15. Ng5 h6 16. Nxe6 Qxe6 17. Kg2 g6 18. f3 f5 19. Bf2 h5 20. Rfe1 Rhg8 21. a3
g5 22. exf5 Qxf5 23. Qe4 Qf6 24. hxg5 Rxg5 25. Rh1 Rdg8 26. Rae1 Rf5 27. b4
cxb4 28. axb4 Rf4 29. Qh7 Rh8 30. Qxh8+ Qxh8 31. gxf4 exf4 32. Re4 Qg7+ 33. Kf1
Qxc3 34. Rxh5 Qxd3+ 35. Kg2 b6 36. Rh6 Qb5 37. Bh4 Bxb4 38. Rh8+ Kb7 39. Rh7 a5
40. Bd8 Bd6 41. Re6 0-1

[Event "Leipzig DSV"]
[Site "Leipzig"]
[Date "1975.11.30"]
[Round "8"]
[White "Hernandez Onna, Roman"]
[Black "Vogt, Lothar"]
[Result "1/2-1/2"]
[WhiteElo "2395"]
[BlackElo "2450"]
[PlyCount "59"]
[EventDate "1975.11.22"]
[EventType "tourn"]
[EventRounds "15"]
[EventCountry "DDR"]
[EventCategory "9"]
[SourceTitle "MCL"]
[Source "ChessBase"]
[SourceDate "1999.07.01"]

1. c4 g6 2. Nc3 Bg7 3. g3 e5 4. Nf3 d6 5. Bg2 Nf6 6. O-O O-O 7. d4 Nbd7 8. h3
Re8 9. e4 exd4 10. Nxd4 Nc5 11. Re1 a5 12. Ndb5 Bd7 13. Bf4 Bxb5 14. cxb5 Nfd7
15. Qc2 Nb6 16. Rad1 Qf6 17. Be3 a4 18. Bxc5 dxc5 19. f4 Rad8 20. e5 Qe6 21.
Nxa4 Nxa4 22. Qxa4 b6 23. Qa7 Rd7 24. b3 Bf8 25. Qa4 Red8 26. Rxd7 Rxd7 27. Qc4
Rd2 28. Qxe6 fxe6 29. Bf1 Kf7 30. a4 1/2-1/2

[Event "Leipzig DSV"]
[Site "Leipzig"]
[Date "1975.12.02"]
[Round "10"]
[White "Hernandez Onna, Roman"]
[Black "Farago, Ivan"]
[Result "1/2-1/2"]
[WhiteElo "2395"]
[BlackElo "2460"]
[PlyCount "34"]
[EventDate "1975.11.22"]
[EventType "tourn"]
[EventRounds "15"]
[EventCountry "DDR"]
[EventCategory "9"]
[SourceTitle "MCL"]
[Source "ChessBase"]
[SourceDate "1999.07.01"]

1. c4 Nf6 2. Nc3 e6 3. Nf3 d5 4. d4 c5 5. cxd5 Nxd5 6. e3 Nc6 7. Bd3 Be7 8. O-O
O-O 9. a3 cxd4 10. exd4 Bf6 11. Be4 Qd6 12. Qd3 h6 13. Be3 b6 14. Qd2 Ba6 15.
Rfe1 Na5 16. Nxd5 exd5 17. Bf4 Qd7 1/2-1/2

[Event "Leipzig DSV"]
[Site "Leipzig"]
[Date "1975.12.03"]
[Round "11"]
[White "Uhlmann, Wolfgang"]
[Black "Hernandez Onna, Roman"]
[Result "1-0"]
[WhiteElo "2535"]
[BlackElo "2395"]
[PlyCount "108"]
[EventDate "1975.11.22"]
[EventType "tourn"]
[EventRounds "15"]
[EventCountry "DDR"]
[EventCategory "9"]
[SourceTitle "MCL"]
[Source "ChessBase"]
[SourceDate "1999.07.01"]

1. c4 c5 2. Nf3 Nf6 3. Nc3 Nc6 4. g3 g6 5. d4 cxd4 6. Nxd4 Nxd4 7. Qxd4 d6 8.
Bg2 Bg7 9. O-O O-O 10. Qh4 Be6 11. Bxb7 Rb8 12. Bd5 Nxd5 13. cxd5 Bf5 14. Nd1
Qa5 15. Ne3 Bf6 16. Qf4 Rb4 17. Bd2 Rxf4 18. Bxa5 Ra4 19. Bc3 Bxc3 20. bxc3 Rb8
21. c4 Bh3 22. Rfe1 Rb2 23. f3 Raxa2 24. Rxa2 Rxa2 25. Kf2 Bc8 26. Rb1 Bf5 27.
Rd1 h5 28. Nxf5 gxf5 29. Ke3 Kg7 30. Rd2 Ra4 31. Rc2 Kf6 32. c5 dxc5 33. Rxc5
h4 34. f4 h3 35. Rc6+ Kg7 36. Rc7 Kf6 37. Rc8 Kg7 38. Re8 Re4+ 39. Kf3 a5 40.
g4 a4 41. gxf5 Rd4 42. Rxe7 Rxd5 43. Ra7 Rxf5 44. Rxa4 Rb5 45. Kg4 Rb3 46. e4
Re3 47. Rb4 Kg6 48. Rb6+ Kg7 49. e5 Re4 50. Rf6 Re3 51. Rf5 Ra3 52. Rg5+ Kf8
53. Rh5 Ra5 54. Kxh3 Ra1 1-0

[Event "Leipzig DSV"]
[Site "Leipzig"]
[Date "1975.12.06"]
[Round "13"]
[White "Hernandez Onna, Roman"]
[Black "Moehring, Guenther"]
[Result "1/2-1/2"]
[WhiteElo "2395"]
[BlackElo "2450"]
[PlyCount "69"]
[EventDate "1975.11.22"]
[EventType "tourn"]
[EventRounds "15"]
[EventCountry "DDR"]
[EventCategory "9"]
[SourceTitle "MCL"]
[Source "ChessBase"]
[SourceDate "1999.07.01"]

1. c4 e6 2. d4 Nf6 3. Nf3 d5 4. Nc3 Nbd7 5. Bg5 h6 6. Bh4 dxc4 7. e3 c5 8. Bxc4
a6 9. a4 cxd4 10. exd4 Bb4 11. O-O O-O 12. Qb3 Qa5 13. Rfd1 b6 14. Bg3 Bb7 15.
Ne5 Nxe5 16. Bxe5 Nd7 17. Bg3 Bxc3 18. bxc3 Rac8 19. Rdc1 Bd5 20. Bxd5 Qxd5 21.
Qxd5 exd5 22. f3 Rfe8 23. Re1 Re6 24. Rxe6 fxe6 25. Be1 Kf7 26. Kf2 Rc4 27. Ke2
g5 28. Kd3 Rc8 29. Bg3 Kf6 30. Rb1 Kf5 31. Bd6 Rc4 32. Rb4 Rc6 33. g4+ Kg6 34.
Bg3 Rc8 35. Rb1 1/2-1/2

[Event "Leipzig DSV"]
[Site "Leipzig"]
[Date "1975.12.08"]
[Round "15"]
[White "Hernandez Onna, Roman"]
[Black "Knaak, Rainer"]
[Result "1/2-1/2"]
[WhiteElo "2395"]
[BlackElo "2510"]
[PlyCount "80"]
[EventDate "1975.11.22"]
[EventType "tourn"]
[EventRounds "15"]
[EventCountry "DDR"]
[EventCategory "9"]
[SourceTitle "MCL"]
[Source "ChessBase"]
[SourceDate "1999.07.01"]

1. c4 g6 2. Nc3 Bg7 3. d4 d6 4. e4 Nd7 5. Be3 e5 6. Nge2 Ne7 7. Qd2 O-O 8. f3
a6 9. d5 f5 10. Nc1 Nf6 11. Be2 c5 12. a4 Bd7 13. a5 b5 14. axb6 Qxb6 15. O-O
a5 16. Nd3 Nc8 17. b4 axb4 18. Rxa8 bxc3 19. Qxc3 fxe4 20. fxe4 Nxe4 21. Rxf8+
Bxf8 22. Qc2 Qb7 23. Ra1 Nf6 24. h3 Ne7 25. g4 Kg7 26. Nf2 Be8 27. Rf1 Qb4 28.
Ne4 Nxe4 29. Qxe4 Ng8 30. Qf3 Be7 31. g5 Qc3 32. h4 Bd7 33. Rc1 Qa3 34. Rb1 Bf5
35. Rb7 Qa8 36. Rb5 Qa1+ 37. Kf2 Qa2 38. h5 Kf7 39. Rb8 Qa7 40. Rb1 Ke8 1/2-1/2

[Event "WchT U26 fin-A"]
[Site "Caracas"]
[Date "1976.??.??"]
[Round "1.7"]
[White "Hernandez Onna, Roman"]
[Black "Peters, Jack"]
[Result "1-0"]
[WhiteElo "2460"]
[BlackElo "2370"]
[PlyCount "81"]
[EventDate "1976.??.??"]
[EventType "team-tourn"]
[EventRounds "7"]
[EventCountry "VEN"]
[SourceTitle "EXT 2000"]
[Source "ChessBase"]
[SourceDate "1999.11.16"]
[WhiteTeam "Cuba"]
[BlackTeam "US of America"]
[WhiteTeamCountry "CUB"]
[BlackTeamCountry "USA"]

1. c4 Nf6 2. Nc3 e5 3. g3 Bb4 4. Bg2 O-O 5. Nf3 Re8 6. O-O e4 7. Nd4 Nc6 8. Nc2
Bxc3 9. dxc3 h6 10. Ne3 d6 11. Qc2 Re5 12. Bd2 Bd7 13. f4 exf3 14. exf3 Re8 15.
Rae1 Ne7 16. Rf2 Bc6 17. Rfe2 Qd7 18. Qd3 Rad8 19. b3 b6 20. Nd1 Ng6 21. Rxe8+
Rxe8 22. Rxe8+ Qxe8 23. Ne3 Qa8 24. Qe2 Ne5 25. Kf2 h5 26. h3 g6 27. Nc2 Bb7
28. Ne1 Nfd7 29. f4 Bxg2 30. Nxg2 Nc6 31. Qf3 Nf6 32. Ne3 Qe8 33. Nd5 Nxd5 34.
cxd5 Nb8 35. c4 b5 36. Qe3 Qxe3+ 37. Kxe3 bxc4 38. bxc4 Kf8 39. Ba5 Na6 40. f5
f6 41. fxg6 1-0

[Event "WchT U26 fin-A"]
[Site "Caracas"]
[Date "1976.??.??"]
[Round "3.10"]
[White "Bielczyk, Jacek"]
[Black "Hernandez Onna, Roman"]
[Result "1/2-1/2"]
[WhiteElo "2375"]
[BlackElo "2460"]
[PlyCount "49"]
[EventDate "1976.??.??"]
[EventType "team-tourn"]
[EventRounds "7"]
[EventCountry "VEN"]
[SourceTitle "EXT 2000"]
[Source "ChessBase"]
[SourceDate "1999.11.16"]
[WhiteTeam "Poland"]
[BlackTeam "Cuba"]
[WhiteTeamCountry "POL"]
[BlackTeamCountry "CUB"]

1. e4 c5 2. Nf3 Nc6 3. d4 cxd4 4. Nxd4 g6 5. Nc3 Bg7 6. Be3 Nf6 7. Bc4 O-O 8.
Bb3 a5 9. O-O a4 10. Nxa4 Nxe4 11. c3 Nf6 12. Re1 d5 13. Nxc6 bxc6 14. Bb6 Qe8
15. c4 Nd7 16. Bc7 Bb7 17. cxd5 cxd5 18. Nc3 Bxc3 19. bxc3 Qc8 20. Bf4 e6 21.
Rc1 Qc6 22. Qf3 Rfe8 23. Qg3 Rac8 24. h4 h6 25. Be5 1/2-1/2

[Event "WchT U26 fin-A"]
[Site "Caracas"]
[Date "1976.??.??"]
[Round "5.10"]
[White "Huss, Andreas"]
[Black "Hernandez Onna, Roman"]
[Result "1/2-1/2"]
[WhiteElo "2330"]
[BlackElo "2460"]
[PlyCount "129"]
[EventDate "1976.??.??"]
[EventType "team-tourn"]
[EventRounds "7"]
[EventCountry "VEN"]
[SourceTitle "EXT 2000"]
[Source "ChessBase"]
[SourceDate "1999.11.16"]
[WhiteTeam "Switzerland"]
[BlackTeam "Cuba"]
[WhiteTeamCountry "SUI"]
[BlackTeamCountry "CUB"]

1. d4 d5 2. Nf3 e6 3. c4 c5 4. cxd5 exd5 5. Nc3 Nc6 6. g3 Nf6 7. Bg2 Be7 8.
dxc5 Bxc5 9. O-O O-O 10. Ne1 Bd4 11. Bg5 Be6 12. Nd3 Bxc3 13. bxc3 h6 14. Be3
Qc8 15. Qa4 Bh3 16. Bxh3 Qxh3 17. Nf4 Qd7 18. Rfd1 Rfd8 19. Rd2 Ne5 20. Qxd7
Rxd7 21. Bd4 Ne4 22. Rdd1 Nc4 23. f3 Ng5 24. Nh5 f5 25. Rab1 b6 26. Nf4 Rad8
27. Bf2 Nh7 28. Rb5 Nf6 29. Bd4 Ne8 30. Ne6 Nc7 31. Nxd8 Nxb5 32. Nc6 Kf7 33.
Nb4 Ke6 34. Kf2 Rc7 35. Nxd5 Kxd5 36. Bxb6+ Kc6 37. Bxc7 Kxc7 38. Rd5 Nbd6 39.
e3 Kc6 40. Rd4 a6 41. g4 fxg4 42. Rxg4 g5 43. h4 Ne5 44. Ra4 Kb5 45. Rd4 Kc6
46. hxg5 hxg5 47. e4 g4 48. f4 Nd7 49. Kg3 Nc5 50. Kxg4 Ncxe4 51. f5 Nxc3 52.
f6 Nxa2 53. Ra4 Nc3 54. Rxa6+ Kd7 55. Kh5 Nd5 56. Kg6 Nf4+ 57. Kg5 Nd5 58. Kg6
Nf4+ 59. Kh6 Ke6 60. Kg5 Ke5 61. Ra5+ Nd5 62. Kg6 Ke6 63. Rxd5 Kxd5 64. f7 Nxf7
65. Kxf7 1/2-1/2

[Event "WchT U26 prel-3"]
[Site "Caracas"]
[Date "1976.??.??"]
[Round "3.3"]
[White "Hernandez Onna, Roman"]
[Black "Nieves, Kamalakanta Ivan"]
[Result "1-0"]
[WhiteElo "2460"]
[BlackElo "2250"]
[PlyCount "105"]
[EventDate "1976.??.??"]
[EventType "team-tourn"]
[EventRounds "5"]
[EventCountry "VEN"]
[SourceTitle "EXT 2000"]
[Source "ChessBase"]
[SourceDate "1999.11.16"]
[WhiteTeam "Cuba"]
[BlackTeam "Puerto Rico"]
[WhiteTeamCountry "CUB"]
[BlackTeamCountry "PUR"]

1. c4 g6 2. Nc3 Bg7 3. g3 Nf6 4. Nf3 d6 5. Bg2 O-O 6. O-O e5 7. d4 Nbd7 8. h3
c6 9. e4 exd4 10. Nxd4 Qb6 11. Nc2 Qc7 12. Rb1 a5 13. b3 Re8 14. Bb2 Nc5 15.
Re1 Nfd7 16. Ba1 Ne5 17. a3 a4 18. Nxa4 Nxa4 19. bxa4 Rxa4 20. Rb4 Ra8 21. Bf1
f6 22. f4 Nd7 23. Rb3 Nc5 24. Rbe3 Bd7 25. Bd4 Ne6 26. Bc3 Rad8 27. h4 Nc5 28.
h5 Be6 29. f5 Bf7 30. hxg6 hxg6 31. fxg6 Bxg6 32. Qg4 Qf7 33. Nd4 Bh5 34. Qh4
Bh6 35. g4 Bxe3+ 36. Rxe3 Bg6 37. Nf5 Bxf5 38. gxf5 Nxe4 39. Rxe4 Rxe4 40. Qxe4
Re8 41. Qh4 Qg7+ 42. Kf2 Kf7 43. Be2 Rxe2+ 44. Kxe2 Qg2+ 45. Ke3 Qg1+ 46. Ke2
Qg2+ 47. Qf2 Qe4+ 48. Kd2 c5 49. Qf1 d5 50. cxd5 c4 51. Qh3 Qxd5+ 52. Kc1 Qc5
53. Qh5+ 1-0

[Event "Lanzarote"]
[Site "Lanzarote"]
[Date "1976.??.??"]
[Round "10"]
[White "Hernandez Onna, Roman"]
[Black "Larsen, Bent"]
[Result "0-1"]
[WhiteElo "2460"]
[BlackElo "2625"]
[PlyCount "78"]
[EventDate "1976.05.??"]
[EventType "tourn"]
[EventRounds "11"]
[EventCountry "ESP"]
[EventCategory "7"]
[SourceTitle "MCD"]
[Source "ChessBase"]
[SourceDate "1999.07.01"]

1. c4 g6 2. Nc3 Bg7 3. d4 d6 4. e4 e5 5. dxe5 dxe5 6. Qxd8+ Kxd8 7. Be3 Be6 8.
O-O-O+ Nd7 9. g3 Ngf6 10. f3 c6 11. Nh3 h6 12. Nf2 Kc7 13. Be2 h5 14. Rd2 Bh6
15. Bxh6 Rxh6 16. Nfd1 h4 17. g4 Nh7 18. Ne3 Ng5 19. Rhd1 Rhh8 20. b3 a5 21.
Ncd5+ Kb8 22. Kb2 Nc5 23. Nc3 Kc7 24. Rc2 b6 25. Rcd2 Bc8 26. a3 Nce6 27. b4
Nf4 28. b5 Nxe2 29. Nxe2 Be6 30. Rf1 Rad8 31. Rxd8 Rxd8 32. Kc3 cxb5 33. cxb5
Rc8 34. Kb2 Kd6 35. Nc3 Kc5 36. Rc1 Nxf3 37. Ned5 Nxh2 38. Ne7 Rh8 39. Ncd5+
Kd4 0-1

[Event "Parcetic Memorial 7th"]
[Site "Sombor"]
[Date "1976.??.??"]
[Round "1"]
[White "Masic, Ljubomir"]
[Black "Hernandez Onna, Roman"]
[Result "0-1"]
[WhiteElo "2365"]
[BlackElo "2460"]
[PlyCount "44"]
[EventDate "1976.12.??"]
[EventType "tourn"]
[EventRounds "13"]
[EventCountry "YUG"]
[SourceTitle "EXT 2003"]
[Source "ChessBase"]
[SourceDate "2002.11.25"]

1. Nf3 c5 2. c4 Nf6 3. Nc3 Nc6 4. d4 cxd4 5. Nxd4 g6 6. e4 Bg7 7. Be3 O-O 8.
Be2 b6 9. O-O Bb7 10. Rc1 Nxd4 11. Bxd4 Bh6 12. f4 Nxe4 13. Nxe4 Bxe4 14. Rc3
Qc7 15. f5 e5 16. fxe6 fxe6 17. Rh3 Rxf1+ 18. Bxf1 Bf4 19. Qe1 d5 20. cxd5 exd5
21. Qh4 Rf8 22. Rc3 Bxh2+ 0-1

[Event "Parcetic Memorial 7th"]
[Site "Sombor"]
[Date "1976.??.??"]
[Round "2"]
[White "Hernandez Onna, Roman"]
[Black "Krnic, Zdenko"]
[Result "1/2-1/2"]
[WhiteElo "2460"]
[BlackElo "2400"]
[PlyCount "81"]
[EventDate "1976.12.??"]
[EventType "tourn"]
[EventRounds "13"]
[EventCountry "YUG"]
[SourceTitle "EXT 2003"]
[Source "ChessBase"]
[SourceDate "2002.11.25"]

1. c4 e5 2. Nc3 Nc6 3. g3 g6 4. Bg2 Bg7 5. Nf3 d6 6. O-O Be6 7. d3 h6 8. Rb1 a5
9. a3 Nge7 10. b4 axb4 11. axb4 Qd7 12. b5 Nd8 13. Bb2 O-O 14. Qc2 f5 15. Ra1
Nf7 16. Rxa8 Rxa8 17. Ra1 Rxa1+ 18. Bxa1 d5 19. cxd5 Nxd5 20. Nxd5 Bxd5 21. Qa4
c5 22. Nd2 Bxg2 23. Kxg2 e4 24. Bxg7 Kxg7 25. Qa1+ Kf8 26. Qc3 Qxb5 27. dxe4
Qc6 28. f3 b5 29. exf5 gxf5 30. Nb3 b4 31. Qxc5+ Qxc5 32. Nxc5 Ke7 33. Kf2 Kd6
34. Nd3 b3 35. Ke3 Kd5 36. Kd2 Kc4 37. Nb2+ Kb4 38. Kd3 Ne5+ 39. Kd4 Nc6+ 40.
Kd3 Ne5+ 41. Kd4 1/2-1/2